000 00870nam a22002177a 4500
999 _c4138
_d4138
003 AR-CdUCM
008 190308b ||||| |||| 00| 0 spa d
020 _a9972-33-346-9
040 _aMUNICIPALIDAD PROVINCIAL DEL CUSCO
_cBIBLIOTECA MUNICIPAL DEL CUSCO
082 _a709.856 /
_bAY93
100 _aAyarza, Leonarda
_913106
245 _aLa plástica ancestral del Cusco y su valoración iconológica en el contexto cultural /
260 _aCusco :
_bTalleres gráficos de gráfica S&C,
_c2006.
300 _a134 páginas ;
_bImágenes.
_c20.5 cm.
505 _aContenido: La plástica ancestral -- La plástica ancestral del Cusco -- Modelo: Análisis iconológico de la obra "la cosmogonía andina".
650 _aArte peruano
_95992
650 _aSimbolismo en el arte
_97066
650 _aValoración iconológica
_913107
942 _2ddc
_cLIBROS
945 _aafb